• 首页
  • 本馆介绍
  • 公告通知
  • 最新文献
  • 馆藏检索
  • 电子资源
  • 读者导购
  • 参考咨询
  • 我的图书馆
  • 登录
  • 详细信息显示
  • 放入我的书架
  • 预约/预借图书
  • 作者相关作品
  • 分类相关作品
  • 丛书相关作品
  • 出版社相关作品

书目信息

  • 表格格式
  • 工作单格式
  • 卡片格式
书名: CMOS PLL synthesizers
作者: Keliu Shu, Edgar Sánchez-Sinencio
分册号:
分册名:
出版地: Beijing :
 
出版社: Science Press
出版时间: 2006.
页数: xiii, 215 p. :
开本: 24 cm.
丛书名: 国外电子信息精品著作
中图分类号:
科图分类号:
其他分类号: TN740.2
主题词:
电子资源:
000 01375nam 2200373 a 4500
001 E0756305196
004 001393879
004 001393879
005 20070819153904.76
008 4001uueng0000000
008 4001uueng0000000
008 001 0 eng
020    @a9787030182500.
040    @aCcBjTSG
072  7 @aTK @2lcco
082 04 @a621.39732 @222
090    @aTN740.2 @bS562
090    @aTN740.2
096    @aTN740.2
099    @dTN740.2@ex6
100 1  @aShu, Keliu.
245 10 @aCMOS PLL synthesizers :@banalysis and design = CMOS锁相环 : 分析和设计 / @cKeliu Shu, Edgar Sánchez-Sinencio
246 31 @aCMOS锁相环 : @b分析和设计
260    @aBeijing :@bScience Press,@c2006.
300    @axiii, 215 p. :@bill. ;@c24 cm.
440  0 @a国外电子信息精品著作
504    @aIncludes bibliographical references and index.
534    @pReprint. Originally published: @cNew York, N.Y. : Springer, c2005, @z0387236686.
650  0 @aPhase-locked loops.
650  0 @aMetal oxide semiconductors, Complementary.
650  0 @aFrequency synthesizers @xDesign and construction.
700 1  @aSánchez-Sinencio, Edgar. @b01 @c20070406 @lNLC09 @h0926 @b40 @c20070419 @lNLC09 @h0903 @b40 @c20070419 @lNLC09 @h0930 @b40 @c20070508 @lNLC09 @h0938
852 91 @bWWDY @k2-2007 @hTN740.2 @iS562
852 91 @bWWJC @cJ09 @k2-2007 @hTN740.2 @iS562
    
    CMOS PLL synthesizers : : analysis and design = CMOS锁相环 : 分析和设计 / / Keliu Shu, Edgar Sánchez-Sinencio.-Beijing : : Science Press, , 2006.
    xiii, 215 p. : : ill. ; ; 24 cm.- (国外电子信息精品著作 )
    Includes bibliographical references and index.
    
    ISBN 9787030182500.
    
●
相关链接 在E读中查询图书 在五车中查询图书 在当当中查询图书 在豆瓣中查询图书


正题名:CMOS PLL synthesizers     索取号:TN740.2/x6         预约/预借

序号 登录号 条形码 馆藏地/架位号 状态 备注
1 0017128   300171285   第二样本阅览室/ [索取号:TN740.2/x6] 在馆    
2 0017129   300171294   第四借阅区/ [索取号:TN740.2/x6] 在馆    
3 0017130   300171301   第四借阅区/ [索取号:TN740.2/x6] 在馆    
4 0017131   300171310   第四借阅区/ [索取号:TN740.2/x6] 在馆    
5 0017132   300171329   第四借阅区/ [索取号:TN740.2/x6] 在馆    
唐山师范学院图书馆 欢迎您!
大连网信软件有限公司© 版权所有